| 000 | 00475nam a2200157 i 4500 | ||
|---|---|---|---|
| 001 | 59908 | ||
| 003 | ES-MaACL | ||
| 005 | 20230906164123.0 | ||
| 007 | t| | ||
| 008 | 031031s1972 sp ||||1| spa d | ||
| 100 | 1 |
_aEscalante, Carlos F. _947462 |
|
| 245 | 1 | 3 |
_aEl diagnóstico electromiográfico en los síndromes radiculares / _cCarlos F. Escalante. |
| 260 |
_a[Madrid] : _bEscelicer, _c[1972] |
||
| 300 |
_a51 p. : _bil. ; _c24 cm. |
||
| 852 |
_aES-MaACL _jC-42586 _bR.81613 |
||
| 999 |
_c59908 _d59908 |
||